Catálogo público

Desagrarización y urbanización neoliberal metropolitana en la Región Atenco Texcoco / (Record no. 218106)

MARC details
000 -CABECERA
campo de control de longitud fija 01343nam a22002897a 4500
003 - IDENTIFICADOR DEL NÚMERO DE CONTROL
campo de control OSt
005 - FECHA Y HORA DE LA ÚLTIMA TRANSACCIÓN
campo de control 20230123141226.0
007 - CAMPO FIJO DE DESCRIPCIÓN FÍSICA--INFORMACIÓN GENERAL
campo de control de longitud fija cr ||||||a|c|a
008 - DATOS DE LONGITUD FIJA--INFORMACIÓN GENERAL
campo de control de longitud fija 230118s2021 mx a|||fom||| 001 0 spa d
040 ## - FUENTE DE LA CATALOGACIÓN
Normas de descripción rda
100 1# - ENTRADA PRINCIPAL--NOMBRE DE PERSONA
9 (RLIN) 185974
Nombre de persona Padilla Patiño, Rosalía
245 1# - MENCIÓN DE TÍTULO
Título Desagrarización y urbanización neoliberal metropolitana en la Región Atenco Texcoco /
Mención de responsabilidad, etc. por Rosalía Padilla Patino; director de tesis César Adrián Ramírez Miranda.
264 #1 - PRODUCCIÓN, PUBLICACIÓN, DISTRIBUCIÓN, FABRICACIÓN Y COPYRIGHT
Producción, publicación, distribución, fabricación y copyright Chapingo, México :
Nombre del de productor, editor, distribuidor, fabricante El autor,
Fecha de producción, publicación, distribución, fabricación o copyright 2021.
300 ## - DESCRIPCIÓN FÍSICA
Extensión 1 recurso en línea (230 páginas).
Otras características físicas figuras, cuadros.
336 ## - TIPO DE CONTENIDO
Fuente rdacontent
Término de tipo de contenido texto
Código de tipo de contenido txt
337 ## - TIPO DE MEDIO
Fuente rdamedia
Nombre/término del tipo de medio computadora
Código del tipo de medio c
338 ## - TIPO DE SOPORTE
Fuente rdacarrier
Nombre/término del tipo de soporte recurso en línea
Código del tipo de soporte cr
502 ## - NOTA DE TESIS
Tipo de título Maestría en Ciencias en Desarrollo Rural Regional
Nombre de la institución que otorga el título Sistema de Centros Regionales Universitarios,
Año de obtención del título 2021.
Información miscelánea Maestría
504 ## - NOTA DE BIBLIOGRAFÍA, ETC.
Nota de bibliografía, etc. Incluye referencias bibliográficas: páginas 205-216.
650 #4 - PUNTO DE ACCESO ADICIONAL DE MATERIA--TÉRMINO DE MATERIA
9 (RLIN) 134898
Término de materia o nombre geográfico como elemento de entrada Agricultura urbana
Subdivisión general Aspectos sociales
650 #4 - PUNTO DE ACCESO ADICIONAL DE MATERIA--TÉRMINO DE MATERIA
9 (RLIN) 133913
Término de materia o nombre geográfico como elemento de entrada Desarrollo de la comunidad rural
Subdivisión geográfica Aspectos socioeconómicos
650 #4 - PUNTO DE ACCESO ADICIONAL DE MATERIA--TÉRMINO DE MATERIA
9 (RLIN) 165097
Término de materia o nombre geográfico como elemento de entrada Desarollo de la comunidad Rural
Subdivisión general Estado de México
650 #4 - PUNTO DE ACCESO ADICIONAL DE MATERIA--TÉRMINO DE MATERIA
9 (RLIN) 137126
Término de materia o nombre geográfico como elemento de entrada Neoliberalismo
Subdivisión general Aspectos sociales
Subdivisión geográfica México
700 1# - PUNTO DE ACCESO ADICIONAL--NOMBRE DE PERSONA
9 (RLIN) 94152
Nombre de persona Ramírez Miranda, César Adrián
Término indicativo de función/relación Director de tesis.
856 ## - LOCALIZACIÓN Y ACCESO ELECTRÓNICOS
Identificador Uniforme del Recurso http://10.13.5.2/tesis/tm/2021_CR_Padilla_Patino_Rosalia.pdf
Nota pública DESCARGAR PDF
942 ## - ELEMENTOS DE PUNTO DE ACCESO ADICIONAL (KOHA)
Fuente del sistema de clasificación o colocación Clasificación Universidad Autónoma Chapingo
Tipo de ítem Koha Tesis digital
Holdings
Estado de retiro Estado de pérdida Fuente del sistema de clasificación o colocación Estado dañado Restricciones de uso No para préstamo Código de colección Localización permanente Ubicación/localización actual Ubicación en estantería Fecha de adquisición Total de préstamos Signatura topográfica completa Fecha visto por última vez Precio válido a partir de Tipo de ítem Koha
    Clasificación Universidad Autónoma de Chapingo   Préstamo interno   Tesis digitales de Maestría Biblioteca Digital Biblioteca Digital En línea 31/01/2023   Tesis digital 31/01/2023 31/01/2023 Tesis digital